Statistics for Countries with the Shortest Total Borders

Click here to take the quiz!

General Stats

  • This quiz has been taken 50,018 times
    (45,332 since last reset)
  • The average score is 14 of 20

Answer Stats

kmcountrymiles% Correct
3Vatican City2
97%
39San Marino24
92%
4Monaco3
91%
76Liechtenstein47
90%
120Andorra75
88%
359Luxembourg223
84%
360Haiti224
75%
360Dominican Republic224
72%
381Brunei237
71%
499Ireland310
70%
60Qatar37
70%
68Denmark42
67%
228Timor-Leste142
67%
238South Korea148
65%
499United Kingdom310
62%
516Belize321
60%
535Eswatini332
60%
462Kuwait287
60%
528Djibouti328
49%
454Lebanon282
43%

Score Distribution

Percentile by Number Answered

Percent of People with Each Score

Your Score History

You have not taken this quiz since the last reset